000 00703nam a2200241Ia 4500
005 20260430150714.0
008 008 250103s9999 xx 000 0 eng d
037 _aTheses
040 _aCRL
040 _beng
040 _ceng
041 _2eng
041 _aeng
084 _qCRL
100 _aChaudhary Vineet Au.; Saraswathy K.N. Gu.; Walia Gagandeep Kaur Gu.
_91238258
245 0 _aChildhood Experiences and Health Outcomes Among Young Adults in Delhi NCR India: An Anthropological Inquiry
260 _c2024
300 _a348p.
650 _aAnthropology
700 _aUniversity of Delhi. Faculty of Science. Deptt. of Anthropology
942 _cTH
999 _c1850429
_d1850429